000 00608nam a2200217 a 4500
001 BRCA_8013
005 20190320210109.0
008 190314s--------gw-a###f##---#000-0#ger-#
041 _ager
044 _agw
050 4 _aML3543
_b.ST87
100 1 _aStoltze, Friedrich
_919902
245 1 0 _aDie schönsten Dichtungen in Frankfurter Mundart
_cFriedrich Stoltze.
260 _aFrankfurt
_bWaldemar Kramer
_c(sin fecha)
300 _a144 p.
_bil.
_c17 cm.
500 _a3145
500 _aDedicatoria del autor al señor Franz Mayer
650 1 4 _aPoesía alemana
_919903
902 _aGFM
942 _2lcc
_cB
999 _c7682
_d7682